Statistiques concernant Personnages des mystérieuses cités d'or

Cliquez ici pour prendre le quiz!

Statistiques générales

  • Ce quiz a été pris 124 fois
  • Le résultat moyen est 8 sur 20

Statistiques - réponses

Personnages% Correct
Estebansaison 1
98%
Taosaison 1
98%
Ziasaison 1
97%
Mendozasaison 1
82%
Pedrosaison 1
74%
Sanchosaison 1
74%
Gaspardsaison 1
44%
Laguerrasaison 3
27%
Marinchésaison 1
27%
Ambrosius
saison 2
26%
Le docteursaison 1
24%
Gomessaison 1
23%
Tian-lesaison 2
20%
Pizzarosaison 1
18%
Teteolasaison 1
14%
Athanaossaison 2
13%
Nostradamussaison 4
11%
Francois 1ersaison 4
8%
Magonsaison 4
2%
Tiriassaison 4
1%

Distribution des résultats

Percentile par nombre de réponses

% des personnes avec chaque résultat

Votre développement - résultats

Vous n’avez pas pris ce quiz